Normal view
MARC view
Entry Personal Name
001 - CONTROL NUMBER
- control field: 1237481
003 - CONTROL NUMBER IDENTIFIER
- control field: OSt
005 - DATE AND TIME OF LATEST TRANSACTION
- control field: 20260430150429.0
008 - FIXED-LENGTH DATA ELEMENTS
- fixed length control field: 260430|| aca||aabn | a|a d
040 ## - CATALOGING SOURCE
- Original cataloging agency: OSt
- Transcribing agency: OSt
100 ## - HEADING--PERSONAL NAME
- Personal name: University of Delhi. Faculty of Science. Deptt.of Botany
670 ## - SOURCE DATA FOUND
- Source citation: Work cat.: (OSt)1849759: Ajay Kumar Au.; Pajabi Priya Gu. 1237480, Genetic Mapping of Resistance to Albugo Candid in Brassica Rapa, 2022
